Obálka Náhled e-knihy:
PDF Epub
Pro půjčování e-knih musíte být přihlášeni.
Jak si půjčit online?

Princezna Popelkou /

Eleanor má miliony, ale žádnou vášeň.  Jane nemá nic, kromě touhy po lepším životě.  Princezna a Popelka.  Dvě identické ženy, které spojuje nenávist k vlastnímu osudu. Jedna noc a jeden hříšný slib jim navždy změní životy.  Výměna rolí zavede Eleanor do...

Celý popis

Uloženo v:
Hlavní autor: Adelle, Kristie (Autor)
Médium: E-kniha
Jazyk:Czech
Vydáno: Praha : Nakladatelství Solis s.r.o., 2026
Tagy:
Žádné tagy
LEADER 01709nam a22002297i 4500
001 313962
007 ta
008 260626s2026 xr ||||| |||| 00| 0 cze d
020 |a 9990004280182 
044 |a xr 
100 1 |a  Adelle, Kristie  |4 aut 
245 1 0 |a Princezna Popelkou /  |c  Adelle, Kristie 
264 1 |a Praha :  |b Nakladatelství Solis s.r.o.,  |c 2026 
300 |a 1 online zdroj (280 stran) 
336 |a text  |b txt  |2 rdacontent 
337 |a bez média  |b n  |2 rdamedia 
338 |a online zdroj  |b cr  |2 rdacarrier 
520 2 |a Eleanor má miliony, ale žádnou vášeň.  Jane nemá nic, kromě touhy po lepším životě.  Princezna a Popelka.  Dvě identické ženy, které spojuje nenávist k vlastnímu osudu. Jedna noc a jeden hříšný slib jim navždy změní životy.  Výměna rolí zavede Eleanor do syrového světa zaplivaných barů a Jane pod nablýskaný povrch vysoké společnosti, kde se pod maskami luxusu skrývají ty nejtemnější touhy. V této hře na pravdu a lež je dovoleno všechno – kromě lásky. Protože když se zamilujete do někoho, kdo neví, kým skutečně jste, hrozí, že ztratíte i samy sebe. Nebo narazíte na muže, kteří jsou až příliš nebezpeční na to, aby šli jen tak opustit. 
910 |a RBIT002 
998 |d 428018  |a https://core.palmknihy.cz/api/books/428018/cover?th6h2h  |b https://core.palmknihy.cz/api/books/428018/cover/400?th6h2h  |c https://core.palmknihy.cz/api/books/428018/cover/50?th6h2h  |e 2032-12-31  |g 280  |i 9990004280182  |j https://core.palmknihy.cz/api/books/428018/preview.epub  |k https://core.palmknihy.cz/api/books/428018/preview.pdf  |l   |q 49  |r 1  |s https://www.palmknihy.cz/kniha/428018  |t ebook  |y 2026  |z 1 
999 |d 313960